000 00460nam a2200121Ia 4500
008 220615s9999||||xx |||||||||||||| ||und||
100 _aHassan Srour||Iyad Karame
245 0 _aGreen Chemical Processing and Synthesis
546 _aEnglish[eng]
650 _aPhysical Sciences||Engineering and Technology||Chemistry||Environmental Chemistry||Organic Chemistry
856 _uhttps://www.intechopen.com/books/green-chemical-processing-and-synthesis
942 _cEB
999 _c16167
_d16167